Stany Brazylii po kształcie flagi - Statystyki

Ogólne statystyki
  • Ten quiz został rozwiązany 5 razy
  • Średni wynik to 14 z 27
Statystyki odpowiedzi
Obrazkowy Odpowiedź % Poprawnych
Paraná
100%
Acre
67%
Goiás
67%
Maranhão
67%
Mato Grosso
67%
Mato Grosso do Sul
67%
Paraíba
67%
Piauí
67%
Rio de Janeiro
67%
Rio Grande do Sul
67%
Rondônia
67%
Roraima
67%
Santa Catarina
67%
São Paulo
67%
Tocantins
67%
Alagoas
33%
Amapá
33%
Amazonas
33%
Bahia
33%
Ceará
33%
Dystrykt Federalny
33%
Espírito Santo
33%
Minas Gerais
33%
Pará
33%
Pernambuco
33%
Rio Grande do Norte
33%
Sergipe
33%
Nie znaleziono quizów pasujących do podanych kryteriów
Rozkład punktacji
Procent ludzi z każdym wynikiem
Percentyl według liczby udzielonych odpowiedzi
Twoja historia wyników
Nie rozwiązałeś tego quizu